Formas lógicas, realidad y significado

Guardat en:
Dades bibliogràfiques
Autor principal: Simpson, Thomas Moro (autor)
Format: Llibre
Idioma:espanyol
Publicat: Buenos Aires Eudeba 1964
Edició:1a. ed
Col·lecció:Colección Ensayos
Matèries:
Etiquetes: Afegir etiqueta
Sense etiquetes, Sigues el primer a etiquetar aquest registre!

MARC

LEADER 00000nam a2200000 a 4500
001 UCJ2948
003 CL-VaPUC
008 070119e19640600AG |||||||||||||||||spa|d
082 0 4 |a 410  |b MOR  |2 21 
100 |a Simpson, Thomas Moro  |e autor  |9 319800 
245 1 0 |a Formas lógicas, realidad y significado 
250 |a 1a. ed 
300 |a 301 p 
942 |c BK 
945 |d 20070119 00:00:00  |a lvergara 
260 |a Buenos Aires  |b Eudeba  |c 1964 
500 |a Donación de la Dra. Marianne Peronard Thierry 
650 0 |a Lingüística  |9 265068 
650 0 |a Ontología   |9 256850 
650 0 |a Filosofía del lenguaje  |9 257082 
650 0 |a Escuelas filosóficas   |9 266232 
583 |a last modification  |c 20070119 00:00:00  |k Rodrigo Vera 
490 0 |a Colección Ensayos 
999 |c 319075  |d 319073 
952 |0 0  |1 0  |4 0  |6 410_000000000000000_MOR_1964  |7 0  |8 A  |9 397311  |a FDOPOS  |b FDOPOS  |d 2019-11-22  |i 4313194  |o 410 MOR 1964  |p 4313194  |r 2025-01-22  |w 2019-11-22  |y BK  |k MLA